00587 2200217 4500001002100000005001800021008004100039020001800080035002400098090002000122100002300142245002700165250001800192260003000210300003500240650002800275850001500303999001500318990001500333990002100348YOGYA-1010000000119620101005091108974 ind  a979-499-063-9 0010-101000000001196 aDEP 662.8 Ser B aSeran, Yulius Bria aBioarang untuk memasak aEd. 1; Cet. 1 aYogyakartabLibertyc1990 axii, 67 hlm . : ilus . ; 21 cm aTeknologi - bahan bakar aYOPDYOG[B] ad000016339 a47889-P/94 aCB-D.11/1990-326